| 000 | 00713nam a22001457a 4500 | ||
|---|---|---|---|
| 999 |
_c80259 _d80259 |
||
| 008 | 201130b ||||| |||| 00| 0 eng d | ||
| 040 |
_bger _cSTAFF _erda _aSTAFF |
||
| 100 | _aBerger, Thomas | ||
| 245 |
_aEin dicker Ordner voller Flattertiere: _bFledermaus-Museum: Eine Philatelistin, die vor Jahren ihre Briefmarkensammlung im Julianenhof ausstellte, hat Leiterin Ursula Grützmacher ihre Exemplare übereignet. Zu sehen sind Motive aus der ganzen Welt./ _cThomas Berger |
||
| 773 |
_dFrankfurt (Oder): Märkisches Verlags- und Druckhaus GmbH & Co KG _g31. Jahrgang (2020) Nr. 280 vom 01.12.2020, S. 18 _tMärkische Oderzeitung |
||
| 942 | _cA | ||